Résultats des élections européennes 2024 en France - Statistiques

Statistiques générales
  • Ce quiz a été pris 102 fois
  • Le résultat moyen est 13 sur 38
Statistiques - réponses
Positionnement politique et tête de liste Pourcentage des inscrits Pourcentage des votants Liste/Parti % Correct
Extrême-droite - Jordan Bardella 15,70% 31,37% La France revient! - Rassemblement National
100%
Droite - François-Xavier Bellamy 3,63% 7,25% La droite pour faire entendre la voix de la France en Europe - Les Républicains
93%
Gauche à gauche radicale - Manon Aubry 4,95% 9,89% La France insoumise - Union Populaire
93%
Centre-gauche à gauche - Raphaël Glucksmann 6,92% 13,83% Réveiller l'Europe - Parti Socialiste-Place Publique
93%
Extrême-droite - Marion Maréchal Le Pen 2,74% 5,47% La France fière - Reconquête!
92%
Centre à droite - Valérie Hayer 7,31% 14,60% Besoin d'Europe - Renaissance
84%
Centre-gauche à Gauche - Marie Toussaint 2,75% 5,50% Europe Écologie - Les Écologistes/Europe Écologie Les Verts
82%
Gauche - Léon Deffontaines 1,18% 2,36% Gauche Unie - Parti Communiste français
78%
Attrape-tout - Hélène Thouy 1,00% 2,00% Parti Animaliste - Les animaux comptent, votre voix aussi
74%
Extrême-gauche - Nathalie Arthaud 0,24% 0,49% Lutte ouvrière le camp des travailleurs
59%
Centre à centre-droit - Jean Lassalle 1,18% 2,35% Alliance Rurale - Résistons
56%
Extrême-gauche - Selma Labib 0,07% 0,15% Pour un monde sans frontières ni patrons, urgence révolution ! - Nouveau Parti anticapitaliste - Révolutionnaires
51%
Extrême-droite - Florian Philippot 0,46% 0,93% L'Europe ça suffit! - Les Patriotes
41%
Gauche - Caroline Zorn 0,05% 0,11% Parti pirate
34%
Centre - Jean-Marc Governatori 0,64% 1,28% Écologie au centre
30%
Droite à Extrême-droite - François Asselineau 0,51% 1,02% Liste Asselineau-Frexit - Union populaire républicaine
29%
Divers - Nagib Azergui 0,03% 0,06% Free Palestine - Union des démocrates musulmans français
23%
Centre - Marine Cholley 0,15% 0,29% Équinoxe
21%
Centre-gauche - Guillaume Lacroix 0,13% 0,26% Europe Territoires Écologie - Parti radical de gauche
19%
Gauche - Pierre Larrouturou 0,03% 0,05% Changer l'Europe - Nouvelle Donne
18%
Divers - Francis Lalanne 0,01% 0,02% France Libre
17%
Divers - Georges Renard Kuzmanovic 0,03% 0,06% Nous le peuple - République souveraine
16%
Divers - Laure Patas d'Illiers 0,02% 0,04% Espéranto langue commune - Europe Démocratie Espéranto
12%
Extrême-droite - Pierre-Marie Bonneau 0,01% 0,02% Forteresse Europe - Les Nationalistes
10%
Divers - Lorys Elmayan 0,00% 0,02% La ruche citoyenne
10%
Extrême-gauche - Camille Adoue 0,00% 0,02% Pour le pain, la paix, la liberté ! - Parti des travailleurs
10%
Divers - Hadama Traoré 0,00% 0,00% Démocratie représentative
9%
Centre à centre-gauche - Yann Wehrling 0,21% 0,42% Écologie positive et Territoires
9%
Divers - Gaël Coste-Meunier 0,01% 0,02% Défendre les enfants
7%
Divers gauche - Audric Alexandre 0,01% 0,03% PACE - Parti des citoyens européens
7%
Divers - Philippe Ponge 0,00% 0,01% Pour une démocratie réelle - Décidons nous-mêmes !
7%
Extrême-gauche - Olivier Terrien 0,00% 0,01% Parti révolutionnaire Communistes
6%
Extrême-droite - Édouard Husson 0,00% 0,01% Prenons nous en main - Rester libre
6%
Divers - Patrice Grudé 0,00% 0,00% Liberté démocratique française
4%
Divers - Léopold-Édouard Deher-Lesaint 0,00% 0,00% Pour une humanité souveraine - Changement citoyen
4%
Extrême-gauche - Charles Hoareau 0,00% 0,01% Non à l'UE et à l'OTAN - Association nationale des communistes
3%
Extrême-gauche - Michel Simonin 0,00% 0,02% Paix et décroissance - Écologie politique
3%
Divers - Jean-Marc Fortané 0,00% 0,02% Pour une autre Europe - Fédération citoyenne
3%
Aucun quiz correspondant
Distribution des résultats
% des personnes avec chaque résultat
Percentile par nombre de réponses
Votre historique - résultats
Vous n’avez pas pris ce quiz